000 00482nam a2200193Ia 4500
005 20250603144941.0
008 250603s9999 xx 000 0 und d
020 _a9781138845725
050 _aPN 1994 .K65/
100 _aKolker, Robert Phillip
245 0 _aFilm, form and culture
250 _a5ed.
260 _aNew York
260 _bRoutledge, Taylor & Francis Group
260 _c2024
300 _axxii, 348p. :ill. ; 28cm.
650 _aNew York
942 _cBK
999 _c40435
_d40435